History of Indian philosophy: The shankara school of vedanta, the yoga-vasistha, the ayurveda and atharva-veda, the bhagavad gita, V2 (Record no. 397311)

MARC details
000 -LEADER
fixed length control field 00579nam a2200181 4500
005 - DATE & TIME
control field 20260409145935.0
008 - FIXED-LENGTH DATA ELEMENTS--GENERAL INFORMATION
fixed length control field 260409b |||||||| |||| 00| 0 eng d
020 ## - ISBN
International Standard Book Number 9789362149114
Price Rs. 849.00
040 ## - CATALOGING SOURCE
Original cataloging agency VIVEKANANDA LIBRARY
082 ## - DDC NUMBER
Classification number 181.4
Book Number D26H
100 ## - MAIN ENTRY--PERSONAL NAME
Personal name Dasgupta, S N
245 ## - TITLE STATEMENT
Title History of Indian philosophy: The shankara school of vedanta, the yoga-vasistha, the ayurveda and atharva-veda, the bhagavad gita, V2
260 ## - PUBLICATION, DISTRIBUTION, ETC. (IMPRINT)
Place of publication, distribution, etc Delhi
Name of publisher, distributor, etc Fingerprint Classics Prakash Books
Date of publication, distribution, etc 2026
300 ## - PHYSICAL DESCRIPTION
Pages xiv, 714
650 ## - Subject
Subject Philosophy
650 ## - Subject
Subject Indian Philosophy
942 ## - ADDED ENTRY ELEMENTS (KOHA)
Koha item type Books
Holdings
Withdrawn status Lost status Source of classification or shelving scheme Damaged status Not for loan Location (home branch) Sublocation or collection (holding branch) Shelving location Date acquired Koha issues (times borrowed) Koha full call number Accession No. Koha date last seen Copy number Koha item type
    Dewey Decimal Classification     VIVEKANANDA LIBRARY VIVEKANANDA LIBRARY Vivekananda Library 09/04/2026   181.4 D26H, V2 438901 09/04/2026 V2 Books
© Designed and Maintained by Vivekananda Library, MDU Rohtak